000 00356nam a2200133Ia 4500
008 240624s9999 xx 000 0 und d
041 _aeng
082 _a158.1 FRA
100 _aFRANKEL LOIS P
245 _aNICE GIRLS DON T GET THE CORNER OFFICE 1
260 _c2004
_aNew York
_bBusiness Plus
300 _axviii, : 268 : p. : cm. ; 17
365 _cRS
_b20
999 _c17198
_d17198